| 000 | 00965 a2200253 4500 | ||
|---|---|---|---|
| 999 |
_c6727 _d6727 |
||
| 020 | _a0797417494 | ||
| 050 | 0 | 0 | _aHQ 1101 BEY 1998 |
| 245 | 0 | 0 |
_aWomen in southern Africa / _cforeword by Gertrude Mongella ; [compiled by Bookie M. Kethusegile, Alice Kwaramba, Barbara Lopi]. |
| 264 |
_aHarare: _bSouthern African Research and Development Centre, _c1998 |
||
| 300 | _a332 p. ; | ||
| 440 | 0 | _aBeyond inequalities | |
| 500 | _a"A profile of women in southern Africa"--P. facing t.p. verso. | ||
| 504 | _aIncludes bibliographical references. | ||
| 650 | 0 | _aWomen's rights | |
| 650 | 0 | _aWomen in development | |
| 650 | 0 |
_aWomen _xGovernment policy |
|
| 650 | 0 |
_aWomen _xSocial conditions. |
|
| 700 | 1 | _aKethusegile, Bookie M. | |
| 700 | 1 | _aKwaramba, Alice. | |
| 700 | 1 | _aLopi, B. | |
| 710 | 2 | _aSouthern African Research and Documentation Centre. | |
| 856 | 4 | 2 |
_3Book review (H-Net) _uhttp://www.h-net.org/review/hrev-a0b8o8-aa |
| 942 |
_2lcc _cBK _h1101 _iBEY _kHQ |
||